Personnages Fée Clochette - Statistiques

Statistiques générales
  • Ce quiz a été pris 231 fois
  • Le résultat moyen est 10 sur 16
Statistiques - réponses
Par images Réponse % Correct
Clochette
100%
Ondine
89%
Noa
88%
Vidia
80%
Iridessa
77%
Reine Clarion
72%
Roselia
72%
Clark
66%
Fromage
66%
Cristal
60%
Terence
55%
Fée Marie
54%
Zarina
48%
Gable
34%
Lord Milori
31%
Flambeau
25%
Aucun quiz correspondant
Distribution des résultats
% des personnes avec chaque résultat
Percentile par nombre de réponses
Votre historique - résultats
Vous n’avez pas pris ce quiz